¿Son los procesos electorales la vía para la liberación de ser humano? /
Spremljeno u:
| Glavni autor: | |
|---|---|
| Format: | Tekst |
| Jezik: | Spanish |
| Izdano: |
San José :
Editorial UCR
|
| Oznake: |
Dodaj oznaku
Bez oznaka, Budi prvi tko označuje ovaj zapis!
|
MARC
| LEADER | 00000 a a2200000 04500 | ||
|---|---|---|---|
| 001 | 35844 | ||
| 003 | cru CIDCACS/IIS | ||
| 005 | 20170518162437.0 | ||
| 008 | 170512b xxu||||| |||| 00| 0 spa d | ||
| 020 | |a 978-9968-46-034-7 | ||
| 022 | |a 978-9968-46-034-7 | ||
| 040 | |c CIDCACS/IIS | ||
| 090 | |a PS05.01.01 D633p | ||
| 100 | 1 | |a Quiroz Palacios, Abraham |9 4802 | |
| 245 | |a ¿Son los procesos electorales la vía para la liberación de ser humano? / |c Abraham Quiroz Palacios | ||
| 260 | |a San José : |b Editorial UCR | ||
| 300 | |a Páginas 271-277 | ||
| 773 | 0 | |0 166 |9 816 |a Dobles Oropeza, Ignacio |d San José: Editorial UCR |o 03436 |t Psicología de la liberación en le contexto de la globalización neoliberal: |w (cru CIDCACS/IIS)35869 |x 978-9968-46-034-7 |z 978-9968-46-034-7 | |
| 942 | |2 ddc |c LI | ||
| 999 | |c 19344 |d 19344 | ||



